000 00654nas a2200217 4500
001 BR9208450
003 BR-BrBNA
005 20231205093115.0
007 ta
008 230509b bl.|||p| |||| 00| 00por d
040 _aBR-BrBNA
_bpor
_cBiblioteca Nacional de Agricultura
041 _a(Pt)
072 _aH10
100 1 _aMielke, O.H.H.
245 1 _aNova combinacao e especie de Cogia butler (Lepidoptera, Hesperidae)
650 _aLEPIDOPTERO
650 _aTAXONOMIA
773 0 _tActa Biologica Paranaense (Brazil)
_xISSN 0301-2123
_g(1978), v. 7(1-4) p. 193-201
_wBR9208450
909 _a202311
_bLúcia
_c55
_dLúcia Elande
942 _2AGRIS
_n0
_cANA
999 _c136270
_d136270